1361 1891 1057 1876 1497 1614 1211 1687 1031 1757 1713 1806 1067 1476 1364 1232 1460 1234 1450 1011 1718 1817 1846 1259 1784 1757 1499 1580 1803 1869 1405 1893 1224 1381 1236 1621 1018 1884 1940 1742 1159 1218 1061 1226 1855 1031 1195 1124 1050 1093 1900 1242 1150 1783 1269 1813 1023 1087 1831 1949 1407 1946 1905 1022 1576 1242 1829 1394 1610 1069 1703 1307 1915 1811 1707 1430 1741 1717 1445 1600 1855 1497 1326 1664 1069 1816 1616 1498 1518 1274 1069 1339 1079 1454 1796 1545 1896 1334 1934 BCNSPRNW ULIB Ver.6.0+V

เปลี่ยนเป็นภาษาไทย

Change to English
 แสดงรายละเอียดบรรณานุกรม
  กลับหน้าหลัก

Brief Record : Get Marc (ISO 2709) : E-mail record : QR code < ปิดหน้าต่าง
LEADER : 00000nam 2200000uu 4500
001    13399113312
003     ULIB
008    111006s2549||||th 000 0 tha d
020    9749181174
050 04 TX558.F7^bส778ม 2549
100 0  สุทัศน์ ยกส้าน
245 10 มหัศจรรย์แห่งพืช /^cสุทัศน์ ยกส้าน
250    พิมพ์ครั้งที่ 2
260    กรุงเทพฯ :^bปาเจรา,^c2549
300    120 หน้า:^bภาพประกอบ
440  0 สารคดีวิทยาศาสตร์และเทคโนโลยี ชุด สิ่งมีชีวิต
650  7 พืช
650  7 พฤกษศาสตร์
945    ^p150^l0^i024966
945    ^p150^l0^i024967
995    ทศพร
999 ^a ทศพร
รายการนี้ยังไม่มีแท็ก
คุณยังไม่ได้ล็อกอิน คุณสามารถมีกิจกรรมร่วมกับเว็บไซต์ได้ แต่ต้องล็อกอินก่อน ::
  ล็อกอิน

รายการสื่อสารสนเทศ

ลำดับที่ ประเภท เลขเรียก/บาร์โค้ด สถานที่ สถานะ
- ไม่พบข้อมูล -

รายการใกล้เคียง
    ผู้แต่ง [สุทัศน์ ยกส้าน]

    หัวเรื่อง [พืช]
    หัวเรื่อง [พฤกษศาสตร์]

BibComment


ยังไม่เคยถูกคอมเมนท์

คอมเมนท์ทรัพยากรรายการนี้
  คอมเมนท์: มหัศจรรย์แห่งพืช ..


 Copyright 2026. Bcnsprnw @Library